Les journalistes de fiction - Statistiques

Statistiques générales
  • Ce quiz a été pris 45 fois
  • Le résultat moyen est 6 sur 16
Statistiques - réponses
Par images Réponse % Correct
Les Aventures de Tintin
100%
Gaston
77%
Superman
62%
Les Schtroumpfs
46%
Harry Potter
44%
Les Simpson
44%
Spirou et Fantasio
44%
Spider-Man
38%
Pokémon
33%
Les Petits Meurtres d'Agatha Christie
23%
Tortues Ninja
21%
Uncharted
21%
Fairy Tail
13%
How I met your mother
10%
My Hero Academia
10%
One Piece
10%
Aucun quiz correspondant
Distribution des résultats
% des personnes avec chaque résultat
Percentile par nombre de réponses
Votre historique - résultats
Vous n’avez pas pris ce quiz